| 000 | 00442nam a2200169Ia 4500 | ||
|---|---|---|---|
| 008 | 230711s9999||||xx |||||||||||||| ||und|| | ||
| 020 | _a978-81-318-0814-6 | ||
| 041 | _aENG | ||
| 082 |
_a620.112 _bBA-S |
||
| 100 | _aBansal ,R.K | ||
| 245 | 2 | _aA textbook of strength of materials S.I.units | |
| 250 | _a6th Ed. | ||
| 260 |
_c2012 _aNew Delhi _bLaxmi Publications(P) Ltd |
||
| 300 | _a1144 | ||
| 650 | _aMechanical Engineering | ||
| 942 | _cBK | ||
| 999 |
_c4920 _d4920 |
||